| 000 | 01536nam a2200241Ia 4500 | ||
|---|---|---|---|
| 003 | Ost | ||
| 005 | 20260507075317.0 | ||
| 008 | 260507s9999||||xx |||||||||||||| ||und|| | ||
| 020 | _a9789957245955 | ||
| 040 | _cfsecg | ||
| 041 | _aara | ||
| 082 | _a300.72 | ||
| 100 |
_aالعساف، أحمد عارف _eمؤلف |
||
| 245 | 0 |
_aمنهجية البحث في العلوم الاجتماعية و الادارية : _bالمفاهيم و الأدوات / _c أحمد عارف العساف |
|
| 260 |
_aعمان: _bدار صفاء للنشر والتوزيع, _c2011 |
||
| 300 |
_a528 صفحة؛ _bإيضاحات ؛ _c25 سم |
||
| 520 | _aمدخل إلى البحث العلمي و مناهج و أساليب البحوث العلمية، اختيار مشكلة البحث و صياغتها، دراسة الفرضية، عينة البحث أنواعها و طرق اختيارها و تصميمها، وسائل و ادوات جمع البيانات لأغراض البحث، عرض و تحليل البيانات الاحصائية، الخطة التحضيرية للبحث العلمي تضم تنظيم كتابة البحث العلمي ، توثيق مصادر المعلومات في البحث العلمي و أخيرا واقع البحث العلمي في الوطن العربي مع إشارة الى الأردن | ||
| 653 | _aالأساليب الإدارية، بحث | ||
| 653 | _aالبحث | ||
| 653 | _aطرق البحث | ||
| 700 |
_aالوادي، محمود _eمؤلف ثانوي |
||
| 942 | _cكتاب | ||
| 999 |
_c43904 _d43904 |
||